Historia de la Corrupcion en el Perú : (Record no. 23648)

000 -CABECERA
fixed length control field 01492nam a22003377i 4500
003 - IDENTIFICADOR DEL NÚMERO DE CONTROL
control field AR-CdUCM
008 - DATOS DE LONGITUD FIJA--INFORMACIÓN GENERAL
fixed length control field 260428b20132013 pe||||| |||| 00| 0 spa d
020 ## - NÚMERO INTERNACIONAL ESTÁNDAR DEL LIBRO
ISBN 978-9972-51-755-6
040 ## - FUENTE DE LA CATALOGACIÓN
Agencia/entidad que catalogó originalmente la obra MUNICIPALIDAD PROVINCIAL DEL CUSCO
Entidad que transcribió la catalogación BIBLIOTECA MUNICIPAL DEL CUSCO
082 ## - NÚMERO DE LA CLASIFICACIÓN DECIMAL DEWEY
No. de la edición Ed. 2013 - 6°reimpresión 2024
No. de Clasificación 364.1323
Notacion interna Q73H
100 ## - ENTRADA PRINCIPAL--NOMBRE DE PERSONA
Nombre Personal Quiroz Norris, Alfonso Walter
245 ## - MENCIÓN DE TÍTULO
Título Historia de la Corrupcion en el Perú :
Resto del título Tercera edición con entrevista a Gustavo Gorriti, introducción de Miguel Ángel Centeno y apéndice fotográfico /
260 ## - PUBLICACIÓN, DISTRIBUCIÓN, ETC.
Lugar de publicación, distribución, etc. Lima-Perú:
Nombre de la editorial, distribuidor, etc. IEP Instituto de Estudios Peruanos
Fecha de publicación, distribución, etc. 2013
300 ## - DESCRIPCIÓN FÍSICA
Nº de Páginas Extensión 544 páginas. :
Dimensiones 20.5x14 cm.
500 ## - NOTA GENERAL
Bibliografía Páginas: 503-544
505 ## - NOTA DE CONTENIDO CON FORMATO
Nota de contenido formateada El fracaso de las reformas coloniales, 1750-1820 -- Cimientos socavados de la temprana republica 1821-1859 -- La modernización y sus secuaces 1884-1930 -- Dictadores venales y pactos secretos 1931-1962 -- Conspiraciones corruptas, 1990-2000
650 ## - PUNTO DE ACCESO ADICIONAL DE MATERIA--TÉRMINO DE MATERIA
Descriptor purgatorio minero
9 (RLIN) 52746
650 ## - PUNTO DE ACCESO ADICIONAL DE MATERIA--TÉRMINO DE MATERIA
Descriptor Plata y contrabando
9 (RLIN) 52747
650 ## - PUNTO DE ACCESO ADICIONAL DE MATERIA--TÉRMINO DE MATERIA
Descriptor Saqueo patriota
9 (RLIN) 52748
650 ## - PUNTO DE ACCESO ADICIONAL DE MATERIA--TÉRMINO DE MATERIA
Descriptor Hacia la bancarrota
9 (RLIN) 52749
650 ## - PUNTO DE ACCESO ADICIONAL DE MATERIA--TÉRMINO DE MATERIA
Descriptor El contrato Grace
9 (RLIN) 52750
650 ## - PUNTO DE ACCESO ADICIONAL DE MATERIA--TÉRMINO DE MATERIA
Descriptor Leguia y los civilistas
9 (RLIN) 52751
650 ## - PUNTO DE ACCESO ADICIONAL DE MATERIA--TÉRMINO DE MATERIA
Descriptor Reformas pospuestas
9 (RLIN) 52752
650 ## - PUNTO DE ACCESO ADICIONAL DE MATERIA--TÉRMINO DE MATERIA
Descriptor Revolución militar
9 (RLIN) 52753
650 ## - PUNTO DE ACCESO ADICIONAL DE MATERIA--TÉRMINO DE MATERIA
Descriptor Corruptelas militares
9 (RLIN) 52754
650 ## - PUNTO DE ACCESO ADICIONAL DE MATERIA--TÉRMINO DE MATERIA
Descriptor Una caída cinematográfica
9 (RLIN) 52755
856 ## - LOCALIZACIÓN Y ACCESO ELECTRÓNICOS
Dirección electrónica www.iep.org.pe
942 ## - ELEMENTOS DE PUNTO DE ACCESO ADICIONAL (KOHA)
Fuente de clasificación
Tipo de item Libros-BMC
945 ## - PROCESAMIENTO DE INFORMACIÓN LOCAL (OCLC)
Catalogador pbjr
AAAA-MM-DD - Fecha de ingreso o modificacion 28-04-2026
Holdings
Estado de retiro (separado) Fuente de clasificación o esquema de estanterías Estado dañado Ubicación Sala donde se ubica Nombre de la colección Fecha de adquisición o compra Fuente de adquisición Costo, precio normal en soles Signatura topográfica Código de Barras Última vez visto (Koha) Tipo de ítem (Koha)
No     Sala Humanidades Sala Humanidades Book Cart 2026-04-28 Donación 40.00 364.1323 / Q73H SH0000017122 2026-04-28 Libros-BMC
No     Sala Humanidades Sala Humanidades Book Cart 2026-04-28 Donación 40.00 364.1323 / Q73H / e.2 SH0000017123 2026-04-28 Libros-BMC

Powered by Koha